NLSUI OPAC header image

Governance theory and practice : (Record no. 217875)

MARC details
000 -LEADER
fixed length control field 00653nam a22002177a 4500
005 - DATE AND TIME OF LATEST TRANSACTION
control field 20260323085949.0
008 - FIXED-LENGTH DATA ELEMENTS--GENERAL INFORMATION
fixed length control field 260323b |||||||| |||| 00| 0 eng d
020 ## - INTERNATIONAL STANDARD BOOK NUMBER
International Standard Book Number 9780230250390
082 ## - DEWEY DECIMAL CLASSIFICATION NUMBER
Classification number 306.201 CHH
100 ## - MAIN ENTRY--PERSONAL NAME
Personal name Chhotray Vasudha
245 ## - TITLE STATEMENT
Title Governance theory and practice :
Remainder of title a cross-disciplinary approach /
Statement of responsibility, etc. Vasudha Chhoatray
260 ## - PUBLICATION, DISTRIBUTION, ETC.
Place of publication, distribution, etc. Basingstoke (England);
Name of publisher, distributor, etc. Palgrave Macmillan :
Date of publication, distribution, etc. 2009.
300 ## - PHYSICAL DESCRIPTION
Extent ix, 296 p ;
Dimensions 22 cm
650 ## - SUBJECT ADDED ENTRY--TOPICAL TERM
Topical term or geographic name entry element Group decision making
650 ## - SUBJECT ADDED ENTRY--TOPICAL TERM
Topical term or geographic name entry element Political science
650 ## - SUBJECT ADDED ENTRY--TOPICAL TERM
Topical term or geographic name entry element Economic policy
650 ## - SUBJECT ADDED ENTRY--TOPICAL TERM
Topical term or geographic name entry element Management
650 ## - SUBJECT ADDED ENTRY--TOPICAL TERM
Topical term or geographic name entry element Social policy
700 ## - ADDED ENTRY--PERSONAL NAME
Personal name Stoker Gerry
942 ## - ADDED ENTRY ELEMENTS (KOHA)
Source of classification or shelving scheme Dewey Decimal Classification
Koha item type BOOKs
Holdings
Withdrawn status Lost status Source of classification or shelving scheme Damaged status Not for loan Home library Current library Shelving location Date acquired Total Checkouts Full call number Date last seen Price effective from Koha item type
    Dewey Decimal Classification     . . General Stacks 23.03.2026   306.201 CHH 23.03.2026 23.03.2026 BOOKs